| LEADER |
00761nam0a2200217 450 |
| 001 |
16828106 |
| 010 |
|
|
|a 979-10-224-0147-0
|b br.
|d 7
|
| 100 |
|
|
|a 20150928d2026 u u0frey01 ba
|
| 101 |
1 |
|
|a fre
|c eng
|
| 102 |
|
|
|a FR
|
| 200 |
0 |
|
|a retour de l'enchanteresse (Le)
|f Chris Colfer
|g traduit de l'anglais (Etats-Unis) par Cyril Laumonier
|
| 207 |
|
1 |
|a
|
| 210 |
|
|
|a Neuilly-sur-Seine
|c Michel Lafon Poche
|d DL 2015
|
| 215 |
|
|
|a 1 vol. (521 p.)
|c ill.
|d 18 cm
|
| 225 |
1 |
|
|a Le pays des contes
|v 2
|
| 461 |
|
0 |
|t Le pays des contes
|v 2
|
| 700 |
|
0 |
|a Colfer
|b Chris
|f 1990-....
|4 70
|
| 702 |
|
0 |
|a Laumonier
|b Cyril
|4 730
|
| 900 |
|
|
|a Roman enfant
|
| 901 |
|
|
|a Accessible au prêt
|
| 995 |
|
|
|a Bibliothèque
|c Bibliothèque
|f 024018349
|h 024018349
|k E C3 COL
|o p
|q j
|r az
|e Bibliothèque
|